zpět

Detail výsledku týmu

Music Bar Forea, Lanškroun

Datum a čas kvízu

27 Celkem bodů Celkový počet nahraných bodů na tomto kvízu bez doplňovacích otázek.
5. Pořadí na kvízu Konečné umístění týmu na tomto kvízu.

Zaznamenané odpovědi

# Otázka Odpověď Body Výsledky
1. Velmi zvláštní oznámení řešili... (bílého) klokana 0
2. Polský prezident přijal gratu... Andrzej Duda, António Guterres 0
3. Jak se nazývá pražské muzeum,... Museum Kampa 0
4. Největší výrobce hodinek na sv... Swatch 0
5. Jeden z nejdéle působících zah... Costa Nhamoinesu 1
6. Putování po našich dálnicích n... Český Šternberk 0
7. Na D1 ještě zůstaneme. Již od... U Rybiček 0
8. Když pojedeme po D8, nemůžeme... V tomto roce zde byl vyzvednut základní kámen pro stavbu Národního divadla. 1
9. Po dálnici D10 se dostaneme až... Kopicův statek 0
10. Přiřaďte následující zajímavá... 1D 2B 3C 4A 0